| 000 | 03988cim a22004218i 4500 | ||
|---|---|---|---|
| 005 | 20220425165222.0 | ||
| 007 | sd fungnnuuneu | ||
| 008 | 160822s2016 nnnng## f n eng d | ||
| 020 | _a9781455833238 (audiobook) | ||
| 040 |
_aDLC _beng _erda _cDLC _dMMLLC |
||
| 043 | _ae-fr--- | ||
| 050 | 0 | 0 |
_aPS3569.T33828 _bA98 2016 |
| 082 | 0 | 0 |
_a813/.54 _223 |
| 092 | _aCDB | ||
| 100 | 1 |
_aSteel, Danielle, _eauthor. _912350 |
|
| 245 | 1 | 4 |
_aThe award _h[sound recording] : _ba novel / _cDanielle Steel. |
| 250 | _aUnabridged. | ||
| 264 | 2 |
_aOld Saybrook, Connecticut : _bwww.micromarketing.org |
|
| 264 | 1 |
_a[United States] : _b[Brilliance Audio], _c[2016]. |
|
| 300 |
_a8 sound discs (approximately 10 hours) : _bdigital, CD audio ; _c4 3/4 in. |
||
| 336 | _aspoken word | ||
| 337 | _aaudio | ||
| 338 | _aaudio disc | ||
| 511 | 1 | _aRead by Adam Verner. | |
| 520 | _a"Capturing historical events, terrifying moments of danger, tragedy, the price of war, and the invincible spirit of a woman of honor, The Award is a monumental tale from one of our most gifted storytellers--Danielle Steel's finest, most emotionally resonant novel yet. Gaelle de Barbet is sixteen years old in 1940 when the German army occupies France and frightening changes begin. She is shocked and powerless when French gendarmes take away her closest friend, Rebekah Feldmann, and her family, and send them to a detention camp for deportation to an unknown, ominous fate. The local German military commandant makes Gaelle family estate outside Lyon into his headquarters. Her father and brother are killed by the Germans; her mother fades away into madness and ill health. Trusted friends and employees become traitors. And by accident, Gaelle begins a perilous journey with the French Resistance, hoping to save lives to make up for the beloved friend she could do nothing to help. Taking terrifying risks, Gaelle becomes a valuable member of the Resistance, fearlessly delivering Jewish children to safety underneath the eyes of the Gestapo and their French collaborators. Then she is suddenly approached by the German commandant with an astonishing and dangerous plan to save part of France's artistic heritage as the Germans withdraw. And once again, her life is on the line. Conducted in secret, flawlessly carried out, her missions for the Resistance change her life and mark her for years. She is falsely accused of collaboration at the end of the war, and flees Lyon in disgrace, orphaned and alone. She goes to Paris to put the war behind her and begin a new life, with the ghosts of the past always close at hand. Gaelle's life will take her from Paris to New York, from a career as a Dior model to marriage and motherhood, unbearable loss, and mature, lasting love. She returns to Paris to run a small museum, honoring victims of the Holocaust. She has never sought recognition for her courage during the war years she can never forget. Her label as a collaborator remains, until her granddaughter, a respected political journalist, is determined that past wrongs finally be made right, and her grandmother's brave acts be recognized. Now a grateful nation will finally acknowledge this remarkable woman. At last, she is absolved and honored as the war hero she was"-- | ||
| 650 | 0 |
_aWorld War, 1939-1945 _xUnderground movements _zFrance _vFiction. _95706959 |
|
| 650 | 0 |
_aWorld War, 1939-1945 _xParticipation, Female _vFiction. _95714557 |
|
| 650 | 7 |
_aFICTION / Historical. _2bisacsh _95673672 |
|
| 650 | 7 |
_aFICTION / Sagas. _2bisacsh _95683731 |
|
| 650 | 7 |
_aFICTION / Romance / Historical. _2bisacsh _95682407 |
|
| 651 | 0 |
_aFrance _xHistory _yGerman occupation, 1940-1945 _vFiction. _95706960 |
|
| 655 | 7 |
_aHistorical fiction. _2gsafd _95930866 |
|
| 655 | 7 |
_aAudiobooks. _2lcgft _95930867 |
|
| 700 | 1 |
_aVerner, Adam, _enarrator. _95905252 |
|
| 942 |
_cCD _2ddc |
||
| 948 |
_a01/25/2017 _b01/27/2017 _zSirsi |
||
| 949 | _nwww.MicroMarketing.org 800-229-9887 | ||
| 999 |
_c296465 _d296464 |
||